Countries bordering Iraq - Statistics

General Stats
  • This quiz has been taken 21 times
  • The average score is 6 of 6
Answer Stats
Countries % Correct
Iran
100%
Jordan
100%
Syria
100%
Saudi Arabia
95%
Kuwait
79%
Turkey
79%
No matching quizzes found
Score Distribution
Percent of People with Each Score
Percentile by Number Answered
Your Score History
You have not taken this quiz